000 00762nam a2200277Ia 4500
003 OSt
005 20221006145129.0
006 a|||||r|||| 00| 0
007 ta
008 221006b |||||||| |||| 00| 0 eng d
020 _c
_16.75
024 _a13,868
037 _cTextual
040 _aEASL
_cEASL
_beng
041 _2eng
_aeng
082 _aV41.N9, P3
100 _aWASSERSTROM Jeffrey N Ed.
245 0 _aTwentieth century China
_b Rewriting histories
260 _aLondon
_bRoutledge
_c2003
300 _a271p.
_ccm.
650 _a Chinese Communist Party
_9652546
650 _a Tiananmen
650 _aChinese Revolution
_9653565
942 _hV41.N9, P3
_cTEXL
_2CC
999 _c1081954
_d1081954